Statistiken für 17 Oberzentren Österreichs

Klicken Sie hier um das Quiz zu spielen!

Allgemein

  • Dieses Quiz wurde 125 mal gespielt
  • Das Durchschnittsergebnis liegt bei 13 aus 17

Antwortstatistiken

EinwohnerStadt% Korrekt
288.806Graz
100%
205.726Linz
100%
1.897.491Wien
100%
132.110Innsbruck
99%
154.211Salzburg
98%
100.817Klagenfurt
94%
29.698Bregenz
90%
55.044St. Pölten
89%
61.727Wels
84%
62.243Villach
81%
49.845Dornbirn
79%
45.277Wiener Neustadt
75%
38.193Steyr
62%
34.192Feldkirch
60%
25.906Baden
48%
27.368Klosterneuburg
36%
28.795Leonding
33%

Verteilung der Resultate

Perzentil nach korrekt beantworteten Fragen

Anzahl Personen mit jedem Resultat

Ihre Resultats-Entwicklung

Sie haben dieses Quiz noch nicht gespielt